Bosch Gimpera (Record no. 11520)

MARC details
000 -LEADER
campo de control de longitud fija 00812nam a2200229 i 4500
001 - NÚMERO DE CONTROL
campo de control 11520
003 - IDENTIFICADOR DE NÚMERO DE CONTROL
campo de control ES-MaACL
005 - FECHA Y HORA DE LA ÚLTIMA TRANSACCIÓN
campo de control 20230906150122.0
007 - CAMPO FIJO DE DESCRIPCIÓN FÍSICA--INFORMACIÓN GENERAL
campo de control de longitud fija t|
008 - DATOS DE LONGITUD FIJA--INFORMACIÓN GENERAL
campo de control de longitud fija 960626s1994 sp ||||1| spa d
080 ## - NÚMERO DE LA CLASIFICACIÓN DECIMAL UNIVERSAL
Número de la Clasificación Decimal Universal 929 Bosch Gimpera, Pedro
100 1# - ENTRADA PRINCIPAL--NOMBRE DE PERSONA
Nombre de persona Reventós, Joan (
Fechas asociadas al nombre 1927-2004)
9 (RLIN) 151763
245 10 - MENCIÓN DEL TÍTULO
Título Bosch Gimpera
Resto del título : un catalán abierto al mundo /
Mención de responsabilidad, etc. [Joan Reventós].
260 ## - PUBLICACIÓN, DISTRIBUCIÓN, ETC.
Lugar de publicación, distribución, etc. Madrid :
Nombre del editor, distribuidor, etc. Fundación Españoles en el Mundo,
Fecha de publicación, distribución, etc. 1994.
300 ## - DESCRIPCIÓN FÍSICA
Extensión 28 p. :
Otras características físicas il. ;
Dimensiones 28 cm.
490 1# - MENCIÓN DE SERIE
Mención de serie Cuadernos de la Fundación Españoles en el Mundo ;
Designación de volumen o secuencia 6
600 14 - PUNTO DE ACCESO ADICIONAL DE MATERIA--NOMBRE DE PERSONA
Nombre de persona Bosch Gimpera, Pedro.
9 (RLIN) 30657
710 2# - ENTRADA AGREGADA--NOMBRE DE ENTIDAD CORPORATIVA
Nombre de entidad corporativa o nombre de jurisdicción como elemento de entrada Fundación Españoles en el Mundo.
9 (RLIN) 4290
830 0# - PUNTO DE ACCESO ADICIONAL DE SERIE-TÍTULO UNIFORME
Título uniforme Cuadernos de la Fundación Españoles en el Mundo ;
Designación de volumen o secuencia 6
9 (RLIN) 179150
852 ## - LOCALIZACIÓN
Ubicación ES-MaACL
Número de control de estantería L-18934
Sublocalización o colección R.125134
Holdings
Estatus retirado Estado de pérdida Estado de daño No para préstamo Biblioteca de origen Biblioteca actual Ubicación en estantería Fecha de adquisición Fuente de adquisición Total de préstamos Signatura topográfica completa Código de barras Visto por última vez Precio de reemplazo Tipo de ítem Koha
        Biblioteca del Ateneo de Madrid Biblioteca del Ateneo de Madrid Depósito 2 17/01/2008     L-18934 1011743 23/02/2023 23/02/2023 Libro impreso